000 02322nam0a2200373 4500
001 RU\NLR\BIBL_A\012554636
005 20220428145448.0
010 _a978-5-7679-4746-1
_9300
021 _aRU
_bКН-П-21-008998
_9КН-П-21-0716
035 _a(NLR Aleph) 012554636
035 _a(RuMoRGB)010575668
090 _a12441574
_c12441574
100 _a20210629d2020 k y0rusy50 ca
101 0 _arus
102 _aRU
105 _ay|||z|||100zy
181 0 _ai4
_bab2e
182 0 _an
200 1 _aПандемия и политика: риски и перспективы
_eсборник материалов межрегиональной научно-практической онлайн-конференции, 1-2 декабря 2020 г., [Тула]
_fМинистерство науки и высшего образования Российской Федерации, Федеральное государственное бюджетное образовательное учреждение высшего образования "Тульский государственный университет"
_gредакционная коллегия: Батанина И. А. - доктор полит. наук, проф. [и др.]
203 _aТекст
_bвизуальный
_cнепосредственный
210 _aТула
_cИзд-во ТулГУ
_d2020
215 _a53, [1] с.
_d21
320 _aБиблиогр. в конце ст.
606 1 _aCOVID-19
_jСъезды, совещания и т.п
_xЭпидемии
_xПолитико-социальный аспект
_92487524
_3RU\NLR\AUTH\6601692480
686 1 _aФ3(0)43я431
702 1 _aБатанина
_bИ. А.
_gИрина Александровна
_4340
711 1 2 _a"Пандемия и политика: риски и перспективы", межрегиональная научно-практическая онлайн-конференция
_eТула
_f2020
_9758213
_3RU\NLR\AUTH\880546630
712 0 2 _4475
_aТульский государственный университет
_9338211
_3RU\NLR\AUTH\889921029
942 _cBOOK
980 _aNBR
980 _aNB